| 000 | 01136nam a2200313Ia 4500 | ||
|---|---|---|---|
| 001 | Para_9182 | ||
| 003 | CHAP | ||
| 005 | 20220817045925.0 | ||
| 008 | a0002006006 an 0000000000 00 | ||
| 008 | 220125s2006 xx 000 0 und d | ||
| 010 | _a209197 | ||
| 040 | _cCHAP | ||
| 090 | _aPA TESIS 1989 | ||
| 100 |
_aVelásquez Victoriano, Iraís _9118497 |
||
| 245 |
_aIdentificación y control del tarsonemido del chile (Capsicum annuum L.) en San Isidro Amatitlán, Santa María Zacatepec, Oxaca, México / _c por Iraís Velásquez Victoriano |
||
| 260 |
_aChapingo, Méx. : _b el autor |
||
| 300 | _a27 h. + anexos | ||
| 502 | _aTesis (Ing. Agr. Esp. Parasitologia Agrícola) UACh. Departamento Parasitología Agrícola | ||
| 650 |
_aAcaricidas _x análisis _9405 |
||
| 650 | _aAcaros | ||
| 650 |
_aChile (botánica) _x plagas _922380 |
||
| 710 |
_aUACh. Departamento Parasitología Agrícola _9164025 |
||
| 901 | _aTESIS 1989 | ||
| 902 | _aM | ||
| 905 | _a0000062006 0000000000 00 | ||
| 910 | _a2006 | ||
| 942 |
_cPARA _2ddc |
||
| 942 |
_cPARA _2ddc |
||
| 999 |
_c209197 _d209197 |
||